000 00261nam a22001217a 4500
008 170802b xxu||||| |||| 00| 0 eng d
041 _aeng
080 _a004
100 _a32
101 _aSHK
245 _aCOMPILER DESIGN THEORY
_cLEWIS,P.M
942 _2udc
_cBK
999 _c22537
_d22537